000 00561nam a2200193Ia 4500
001 20132
003 GE_BSU
008 181216s||||||||xx |||||||||||||| ||und||
040 _cGE_BSU
245 _aВокруг света №4(2919) 2017.
245 _bжурнал русского географического общества
260 _aМосква
260 _c2017
300 _a128 стр. 27см.
653 _aВокруг света. №4(2919) 2017.
653 _aПериодика
653 _aპერიოდიკა
942 _cCR
999 _c53094
_d53094